00297nam a2200133Ia 45000030006000000080041000060400015000471000020000622450020000822500010001022600022001125460012001340050017001460STCL150530s9999 xx 000 0 und d aSTCLcSTCL aTahmankar, D.V. aLokamanya Tilak aFirst bJohn Murrayc1956 aEnglish20220125171413.0